| 000 | 00724nmc a2200277 a 4500 | ||
|---|---|---|---|
| 003 | AR-BaBNM | ||
| 005 | 20251128211517.0 | ||
| 008 | 204120s1995 ||||||||||||||000 | spa|| | ||
| 020 | _a950-07-1075-7 | ||
| 040 | _cAR-BaBNM | ||
| 100 | 1 | _aSorrentino, Fernando | |
| 245 | 1 | 0 | _aHistorias de María Sapa y Fortunato |
| 260 |
_aBuenos Aires _bSudamericana _c1995 |
||
| 300 | _a67 p. | ||
| 490 | 0 | _aPrimera Sudamericana | |
| 650 | 4 | _aLITERATURA ARGENTINA | |
| 650 | 4 | _aLITERATURA CONTEMPORANEA | |
| 650 | 4 | _aLIBROS PARA NINOS | |
| 650 | 4 | _aCUENTOS | |
| 653 | _aLITERATURA JUVENIL | ||
| 655 | _aLITERATURA | ||
| 700 | 1 |
_aBorlasca, Héctor A. _eilustrador |
|
| 800 | 0 | _aCanela | |
| 942 | _cBK | ||
| 998 | _cEugenia | ||
| 999 |
_c19964 _d19964 |
||